000 00585nam a2200229Ia 4500
005 20260320201336.0
008 008 262003s9999 xx 000 0 eng d
037 _aEBOOK
040 _aCRL
040 _beng
040 _cCRL
041 _2eng
041 _aeng
084 _qCRL
100 _aJacquenet
_91134833
245 0 _aService Automation and Dynamic Provisioning Techniques in IP / MPLS Environments
260 _bIEEE
856 _uhttps://ieeexplore.ieee.org/servlet/opac?bknumber=8039744
942 _cEBOOK
999 _c1720659
_d1720659